Learning Resource and Development

Operations research : (Record no. 30183)

MARC details
000 -LEADER
fixed length control field 01833nam a2200277 i 4500
003 - CONTROL NUMBER IDENTIFIER
control field CSPC
005 - DATE AND TIME OF LATEST TRANSACTION
control field 20250822120942.0
008 - FIXED-LENGTH DATA ELEMENTS--GENERAL INFORMATION
fixed length control field 250822s2016 ii b 001 0 eng d
020 ## - INTERNATIONAL STANDARD BOOK NUMBER
International Standard Book Number 9789385935145
040 ## - CATALOGING SOURCE
Transcribing agency CSPC
Original cataloging agency CSPC
Language of cataloging eng
Description conventions rda
050 00 - LIBRARY OF CONGRESS CALL NUMBER
Classification number T57.6
082 00 - DEWEY DECIMAL CLASSIFICATION NUMBER
Classification number 658.4034
Item number Sh233o
100 1# - MAIN ENTRY--PERSONAL NAME
Personal name Sharma, J K,
Relator term author.
245 10 - TITLE STATEMENT
Title Operations research :
Remainder of title theory and applications /
Statement of responsibility, etc. J K Sharma.
250 ## - EDITION STATEMENT
Edition statement Sixth edition.
264 #1 - PRODUCTION, PUBLICATION, DISTRIBUTION, MANUFACTURE, AND COPYRIGHT NOTICE
Place of production, publication, distribution, manufacture Bengaluru, India :
Name of producer, publisher, distributor, manufacturer Trinity Press,
Date of production, publication, distribution, manufacture, or copyright notice 2016 ; Reprint 2023.
300 ## - PHYSICAL DESCRIPTION
Extent xviii, 943 pages ;
Dimensions 28 cm.
336 ## - CONTENT TYPE
Source rdacontent
Content type term text
337 ## - MEDIA TYPE
Source rdamedia
Media type term unmediated
338 ## - CARRIER TYPE
Source rdacarrier
Carrier type term volume
504 ## - BIBLIOGRAPHY, ETC. NOTE
Bibliography, etc. note Includes bibliographical references and index.
505 0# - FORMATTED CONTENTS NOTE
Formatted contents note Operations research: an introduction -- Linear programming: applications and model formulation -- Linear programming: the graphical method -- Linear programming: the simplex method -- Duality in linear programming -- Sensitivity analysis in linear programming -- Integer linear programming -- Goal programming -- Transportation problem -- Assignment problem -- Decision theory and decision trees -- Theory of games -- Project management: PAERT and CPM -- Deterministic inventory control methods -- Probabilistic inventory control models -- Queuing theory -- Replacement and maintenance models -- Markov chains -- Simulation -- Sequencing problems -- Information theory -- Dynamic programming -- Classical optimization methods -- Non-linear programming methods -- Theory of simplex method -- Revised simplex method -- Dual-simplex method -- Bounded variables LP problem -- Parametric linear programming.
650 #0 - SUBJECT ADDED ENTRY--TOPICAL TERM
Topical term or geographic name entry element Operations research.
942 ## - ADDED ENTRY ELEMENTS (KOHA)
Source of classification or shelving scheme Dewey Decimal Classification
Suppress in OPAC No
Koha item type Books
Classification part 658.4034
Item part Sh233o
Call number prefix ENG
Call number suffix 2016
Holdings
Withdrawn status Lost status Source of classification or shelving scheme Damaged status Not for loan Home library Current library Shelving location Date acquired Total Checkouts Full call number Barcode Date last seen Copy number Price effective from Koha item type
    Dewey Decimal Classification     Main Library Main Library Engineering Section 08/22/2025   ENG 658.4034 Sh233o 2016 030006 08/22/2025 1-2 08/22/2025 Books
    Dewey Decimal Classification     Main Library Main Library Engineering Section 08/22/2025   ENG 658.4034 Sh233o 2016 030007 08/22/2025 2-2 08/22/2025 Books